Normal view
MARC view
- Women and law in Pakistan
Entry Topical Term
001 - CONTROL NUMBER
- control field: 109817
003 - CONTROL NUMBER IDENTIFIER
- control field: NUST
005 - DATE AND TIME OF LATEST TRANSACTION
- control field: 20230306112408.0
008 - FIXED-LENGTH DATA ELEMENTS
- fixed length control field: 230306|| aca||aabn | a|a d
040 ## - CATALOGING SOURCE
- Original cataloging agency: NUST
- Transcribing agency: NUST
150 ## - HEADING--TOPICAL TERM
- Topical term or geographic name entry element: Women and law in Pakistan
670 ## - SOURCE DATA FOUND
- Source citation: Work cat.: (NUST)184735: Rashida Patel. 109816, Women and law in Pakistan /, 1979.
